000 00359nam a2200109Ia 4500
008 181011s9999 xx 000 0 und d
100 _aFrank Jurgen
245 2 _aA Visitor's reflections on HMI''s ministry of Reconciliation
500 _aThe Bulletin of Henry Martyn school of Islamic Studies Jan -June 1993
650 _aHenry Martyn Institute
942 _cBR
999 _c21814
_d21814